=LDR 00000nam 2200000 4500 =001 INLIS000000000041019 =005 20130612150555 =008 ***********************************Ind** =035 ##$$0010-061300000041019 =041 ##$$a Ind =082 ##$$a 658.87 =090 ##$$a 658.87, Roy t =100 ##$$a Royan, Frans M =245 ##$$a Toko anda ingin untung berlipat ganda ? baca buku ini, Frans M Royan =260 ##$$a 2010 $b Jakarta =300 ##$$a xv, 233 hlm, ilus6c24 cm =650 ##$$a Toko klontong =850 ##$$a NBPNMAT